Encyclopedia of computational chemistry. V.3 : M-P.
Spremljeno u:
| Format: | Knjiga |
|---|---|
| Izdano: |
Chichester :
John Wiley and Sons,
1998.
|
| Oznake: |
Dodaj oznaku
Bez oznaka, Budi prvi tko označuje ovaj zapis!
|
| Thư viện lưu trữ: | Mạng thư viện Đại học Đà Nẵng |
|---|
| LEADER | 00568cam a2200229 i 4500 | ||
|---|---|---|---|
| 001 | 000045642 | ||
| 003 | 4836 | ||
| 005 | 20130121150001.0 | ||
| 008 | 010220b1998 vm 000 | ||
| 020 | |a 047196588X | ||
| 245 | 0 | 0 | |a Encyclopedia of computational chemistry. |n V.3 : |p M-P. |
| 260 | |a Chichester : |b John Wiley and Sons, |c 1998. | ||
| OWN | |a DUT | ||
| 999 | |a From the UDN01 | ||
| TYP | |a Monograph | ||
| TYP | |a Printed language | ||
| 980 | |a Mạng thư viện Đại học Đà Nẵng | ||


